Το πινάκιον φακής και ο νόμος των λύκων : δοκίμια για τη συμπεριφορά των ανθρώπων

Αποθηκεύτηκε σε:
Λεπτομέρειες βιβλιογραφικής εγγραφής
Κύριος συγγραφέας: Στασινόπουλος, Μιχάλης Δ. 1903-2002
Μορφή: Βιβλίο
Γλώσσα:Greek
Δημοσίευση: Αθήνα : Οι εκδόσεις των φίλων, 1972
Θέματα:
Ετικέτες: Προσθήκη ετικέτας
Δεν υπάρχουν, Καταχωρήστε ετικέτα πρώτοι!

MARC

LEADER 00000cam a2200000 i 4500
001 1/3671
008 100126s1972 gre d
035 |l 10106456 
040 |a GR-MY-UA  |b gre  |e aacr 
041 0 |a gre 
082 0 |a 889.4  |2 (22) 
100 1 |a Στασινόπουλος, Μιχάλης Δ.  |d 1903-2002. 
245 1 3 |a Το πινάκιον φακής και ο νόμος των λύκων :  |b δοκίμια για τη συμπεριφορά των ανθρώπων /  |c Μιχ. Δ. Στασινόπουλου 
260 |a Αθήνα :   |b Οι εκδόσεις των φίλων,   |c 1972 
300 |a 206 σ.;  |c 21 εκ. 
650 0 0 |a Conduct of life. 
852 |a INST  |b SAMOS  |e 20100126  |h 889.4 ΣΤΑ  |p 005300030776  |q 005300030776  |t BK  |y 0 
901 |a BIBL3-2010-1 
909 |a Σ  |b 158624 
970 |a ΡΟΥΣΣΟΥ  |b ΚΩΝΣΤΑΝΤΙΝΑ  |z 2010/01/26